000 00979cad a22002415a 4500
001 L152821
008 110504s2008 xxk f 000 0 eng d
035 _a(Sirsi) u152821
041 0 _aeng
050 0 4 _a346.41043 $2 18
110 2 _aLand Registry
_95885
245 0 0 _aJoint property ownership
_h[electronic resource]
260 _aLondon
_bLand Registry
_c2008
490 0 _aLand Registry Public Guides
_v18
520 _aExplains the differences between beneficial joint tenant and tenants in common which are both forms of joint property ownership.
590 _aKA
650 2 4 _aLAND REGISTRATION ACT 2002
650 2 4 _aLAND REGISTRATION (AMENDMENT) RULES 2008
651 4 _aEngland and Wales
_y1543-
690 _aPROPERTY-PROPERTY ACQUISITION AND DISPOSAL-REGISTRATION OF TITLE TO PROPERTY-LAND REGISTRATION
856 4 0 _uhttps://www.landreg.gov.uk/upload/documents/public_guide_018.pdf
_zView this item free of charge at www.landregistry.gov.uk
942 _n0
999 _c112220
_d112220